| 000 | 00704nam a22001937a 4500 | ||
|---|---|---|---|
| 003 | OSt | ||
| 005 | 20241129192211.0 | ||
| 008 | 241129b2015 spa||||gr|||| 00| 0 spa d | ||
| 020 | _a8425536001789 | ||
| 040 |
_bspa _cumch _dumch _erda |
||
| 082 | _a199.492 S66 | ||
| 100 |
_aSolé Joan _eautor |
||
| 245 |
_aSpinoza: _bLa filosofía al modo geométriico _cJoan Solé |
||
| 260 |
_aMadrid: _bbatiscafo, _c2015 |
||
| 300 |
_a144 p. _b23x16 cm. |
||
| 505 |
_g1. La insospechada pervivencia de Baruch Spinoza _g2. Vida del Filósofo Sabio _g3. Conocimiento _g4. Metafísica: Dios o naturaleza _g5.La mente humana _g7. Conato: psicología y filosofía moral |
||
| 650 |
_afilosofía _xspinoza |
||
| 942 |
_2ddc _cLIB _n0 |
||
| 999 |
_c53517 _d53517 |
||